[Event "Max Euwe Memorial - Open B"]
[Site "SchemingMind.com"]
[Date "2013.03.27"]
[Round "-"]
[White "Phillip Beckett"]
[Black "Scooter"]
[Result "0-1"]
[WhiteCountry "ENG"]
[BlackCountry "USA"]
[WhiteElo "1546"]
[WhiteRD "49"]
[BlackElo "1732"]
[BlackRD "48"]
[GameID "329162"]

1. e4 c6 2. d4 d5 3. Nc3 dxe4 4. Nxe4 Bf5 5. Ng3 Bg6 6. Nf3 Nd7 7. c3 Qc7 8. Bd3 Bxd3 9. Qxd3 O-O-O 10. O-O Ngf6
11. Bg5 h6 12. Be3 e6 13. Ne4 Nxe4 14. Qxe4 Nf6 15. Qd3 Bd6 16. Rad1 Ng4 17. h3 Nxe3 18. fxe3 e5 19. Qf5+ Qd7 20. Qxd7+ Rxd7
21. dxe5 Bc7 22. Rxd7 Kxd7 23. Rd1+ Ke6 24. Rd4 Bxe5 25. Nxe5 Kxe5 26. Kf2 Ke6 27. Kf3 f5 28. g4 Rf8 29. gxf5+ Rxf5+ 30. Rf4 g5
31. Rxf5 Kxf5 32. c4 h5 33. b4 g4+ 34. hxg4+ hxg4+ 35. Kg3 Ke4 36. Kxg4 Kxe3 37. Kf5 Kd4 38. c5 Kc4 39. a3 Kb3 40. Ke6 Kxa3
0-1

[Event "Max Euwe Memorial - Open B"]
[Site "SchemingMind.com"]
[Date "2013.03.27"]
[Round "-"]
[White "Scooter"]
[Black "Phillip Beckett"]
[Result "1-0"]
[WhiteCountry "USA"]
[BlackCountry "ENG"]
[WhiteElo "1732"]
[WhiteRD "48"]
[BlackElo "1546"]
[BlackRD "49"]
[GameID "329163"]

1. d4 d5 2. Nf3 Nf6 3. Bf4 e6 4. e3 c6 5. c3 Bd6 6. Bxd6 Qxd6 7. Be2 Nbd7 8. O-O e5 9. dxe5 Nxe5 10. Nbd2 O-O
11. Nxe5 Qxe5 12. Nf3 Qe7 13. Bd3 Bg4 14. h3 Bxf3 15. Qxf3 Rad8 16. Rfe1 Ne4 17. Bxe4 Qxe4 18. Qd1 Rfe8 19. Qb3 Qe7 20. c4 dxc4
21. Qxc4 Qe6 22. Qc2 Qe4 23. Qb3 Qe7= 24. Red1 Rxd1+ 25. Rxd1 g6 26. Qa4 a6 27. Qg4 Qe6 28. b3 Qxg4 29. hxg4 Kf8 30. Kf1 Re7
31. Ke2 Ke8 32. f3 Rd7 33. Rd3 Rxd3 34. Kxd3 b6 35. Kd4 Kd7 36. e4 Kd6 37. b4 f6 38. a4 g5 39. g3 h6 40. f4 Ke6
41. e5 fxe5+ 42. fxe5 Ke7 43. a5 bxa5 44. bxa5 Ke6 45. Kc5 Kxe5 46. Kxc6 Ke4 47. Kb6 Kf3 48. Kxa6 Kxg3 49. Kb5 Kxg4 50. a6 Kh3
51. a7 g4 52. a8=Q g3 53. Qh1+ Kg4 54. Qxh6 Kf3 55. Qh3 Kf2 56. Qf5+ Kg1 57. Kc4 g2 58. Kd3 Kh2 59. Qh5+ Kg1 60. Ke3 Kf1
61. Qh3 Kg1 62. Kf3
1-0

[Event "Max Euwe Memorial - Open B"]
[Site "SchemingMind.com"]
[Date "2013.03.27"]
[Round "-"]
[White "Wolli"]
[Black "Phillip Beckett"]
[Result "0-1"]
[WhiteCountry "GER"]
[BlackCountry "ENG"]
[WhiteElo "1618"]
[WhiteRD "105"]
[BlackElo "1588"]
[BlackRD "47"]
[GameID "329258"]

1. c4 e5 2. g3 Nf6 3. Bg2 d5 4. cxd5 Nxd5 5. Nc3 Be6 6. Nf3 Nc6 7. O-O f6 8. a3 Qd7 9. Re1 O-O-O 10. d3 Bc5
11. Na4 Bb6 12. Nxb6+ cxb6 13. b4 Kb8 14. Bd2 Nde7 15. Qc2 Rc8
0-1

[Event "Max Euwe Memorial - Open B"]
[Site "SchemingMind.com"]
[Date "2013.03.27"]
[Round "-"]
[White "Wolli"]
[Black "Scooter"]
[Result "0-1"]
[WhiteCountry "GER"]
[BlackCountry "USA"]
[WhiteElo "1618"]
[WhiteRD "105"]
[BlackElo "1740"]
[BlackRD "49"]
[GameID "329259"]

1. c4 Nf6 2. g3 g6 3. Bg2 Bg7 4. Nc3 O-O 5. Nf3 e6 6. O-O c6 7. d4 d5 8. b3 Nbd7 9. Bb2 b6 10. Re1 Bb7
0-1

[Event "Max Euwe Memorial - Open B"]
[Site "SchemingMind.com"]
[Date "2013.03.27"]
[Round "-"]
[White "Phillip Beckett"]
[Black "Wolli"]
[Result "1-0"]
[WhiteCountry "ENG"]
[BlackCountry "GER"]
[WhiteElo "1588"]
[WhiteRD "47"]
[BlackElo "1618"]
[BlackRD "105"]
[GameID "329260"]

1. e4 d6 2. d4 Nf6 3. Nc3 g6 4. Nf3 Bg7 5. Be2 O-O 6. h3 Nc6 7. O-O e5 8. dxe5 dxe5 9. Qxd8 Rxd8 10. Bg5 h6
11. Be3 Be6 12. Rad1 a6 13. Rxd8+ Rxd8 14. Rd1 Rxd1+ 15. Bxd1 Nd7 16. a3
1-0

[Event "Max Euwe Memorial - Open B"]
[Site "SchemingMind.com"]
[Date "2013.03.30"]
[Round "-"]
[White "emvarela"]
[Black "Phillip Beckett"]
[Result "1-0"]
[WhiteCountry "ARG"]
[BlackCountry "ENG"]
[WhiteElo "1741"]
[WhiteRD "47"]
[BlackElo "1553"]
[BlackRD "51"]
[GameID "329338"]

1. e4 e5 2. Nf3 Nc6 3. Bb5 a6 4. Bxc6 dxc6 5. O-O f6 6. d4 exd4 7. Nxd4 c5 8. Nb3 Qxd1 9. Rxd1 Bd7 10. Bf4 O-O-O
11. Nc3 g5 12. Be3 b6 13. Rd2 Bd6 14. Rad1 Bc6 15. e5 Be7 16. Rxd8+ Bxd8 17. exf6 Bxf6 18. f3 Ne7 19. Kf2 Rd8 20. Rxd8+ Kxd8
21. Nd2 Nd5 22. Nxd5 Bxd5 23. c4 Be6 24. b3 Kd7 25. g4 h6 26. Kg3 Kd6 27. Ne4+ Ke7 28. f4 gxf4+ 29. Bxf4 Bg7 30. Bxc7 b5
31. cxb5 axb5 32. Bd6+ Kd7 33. Bxc5 Be5+ 34. Kf3 Kc6 35. Be3 Kd5 36. Bf4 Bxg4+ 37. Kxg4 Kxe4 38. Bxe5 Kxe5 39. a4
1-0

[Event "Max Euwe Memorial - Open B"]
[Site "SchemingMind.com"]
[Date "2013.03.30"]
[Round "-"]
[White "emvarela"]
[Black "Scooter"]
[Result "0-1"]
[WhiteCountry "ARG"]
[BlackCountry "USA"]
[WhiteElo "1741"]
[WhiteRD "47"]
[BlackElo "1747"]
[BlackRD "50"]
[GameID "329339"]

1. e4 c6 2. d4 d5 3. Nc3 dxe4 4. Nxe4 Bf5 5. Ng3 Bg6 6. h4 h6 7. Nf3 Nd7 8. h5 Bh7 9. Bd3 Bxd3 10. Qxd3 Qc7
11. Bd2 Ngf6 12. O-O-O O-O-O 13. Qe2 e6 14. Ne5 Nxe5 15. dxe5 Nd5 16. f4 Bb4 17. Ne4 Bxd2+ 18. Qxd2 Nf6 19. Nd6+ Kb8 20. exf6 gxf6
21. Qb4 c5 22. Qxb7+ Qxb7 23. Nxb7 Kxb7 24. Rxd8 Rxd8 25. Rd1 Rxd1+ 26. Kxd1 f5 27. c4 Ka6 28. b3 Kb6 29. Kd2 f6 30. Kd3 e5
31. g3 e4+ 32. Ke3 Ka5 33. a3 Kb6 34. b4 cxb4 35. axb4 a5 36. bxa5+ Kxa5 37. Kd4 Kb6 38. g4 fxg4 39. Kxe4 Kc5 40. f5 Kxc4
41. Kf4 Kd5 42. Kxg4 Ke4
0-1

[Event "Max Euwe Memorial - Open B"]
[Site "SchemingMind.com"]
[Date "2013.03.30"]
[Round "-"]
[White "Phillip Beckett"]
[Black "emvarela"]
[Result "0-1"]
[WhiteCountry "ENG"]
[BlackCountry "ARG"]
[WhiteElo "1588"]
[WhiteRD "47"]
[BlackElo "1765"]
[BlackRD "48"]
[GameID "329341"]

1. e4 e5 2. Nf3 Nc6 3. Bb5 f5 4. Bxc6 dxc6 5. Nxe5 Qd4 6. Qh5+ g6 7. Nxg6 hxg6 8. Qxg6+ Kd8 9. d3 Ne7 10. Qg5 Bh6
11. c3 Bxg5 12. cxd4 Bxc1 13. Nc3 Bxb2
0-1

[Event "Max Euwe Memorial - Open B"]
[Site "SchemingMind.com"]
[Date "2013.03.30"]
[Round "-"]
[White "Scooter"]
[Black "emvarela"]
[Result "1-0"]
[WhiteCountry "USA"]
[BlackCountry "ARG"]
[WhiteElo "1747"]
[WhiteRD "50"]
[BlackElo "1741"]
[BlackRD "47"]
[GameID "329342"]

1. d4 Nf6 2. Nf3 e6 3. Bg5 c5 4. Bxf6 Qxf6 5. e3 d5 6. c3 Nc6 7. Bb5 Bd7 8. O-O Bd6 9. Nbd2 cxd4 10. cxd4 a6
11. Bxc6 Bxc6 12. a3 O-O 13. Rc1 Rfe8 14. b4 Rac8 15. Nb3 Bb5 16. Re1 Rxc1 17. Qxc1 Bc4 18. Na5 b5 19. Nb7 Bc7 20. Nc5 a5
21. Nd2 axb4 22. axb4 Ra8 23. Nxc4 bxc4 24. Qc3 Ra2 25. Rf1 e5 26. Nd7 Qf5 27. Nxe5 Bxe5 28. dxe5 Qc2 29. Qxc2 Rxc2 30. Rb1 c3
31. g3 Rb2 32. Rc1 Rxb4 33. Rxc3 Rc4 34. Rxc4 dxc4 35. Kf1 Kf8 36. Ke2 Ke7 37. e4 Ke6 38. f4 f5 39. exf5+ Kxf5 40. Ke3 g5
41. Kd4 gxf4 42. gxf4 h5 43. h4
1-0

[Event "Max Euwe Memorial - Open B"]
[Site "SchemingMind.com"]
[Date "2013.03.30"]
[Round "-"]
[White "janable"]
[Black "emvarela"]
[Result "1-0"]
[WhiteCountry "PHI"]
[BlackCountry "ARG"]
[WhiteElo "1804"]
[WhiteRD "102"]
[BlackElo "1760"]
[BlackRD "50"]
[GameID "329410"]

1. e4 e5 2. Nf3 Nc6 3. Bb5 f5 4. d4 fxe4 5. Nxe5 Nxe5 6. dxe5 c6 7. Bc4 d5 8. exd6 Nf6 9. Bf4 Bd7 10. O-O Qb6
11. Nd2 O-O-O 12. b4 Qxb4 13. Rb1 Qa5 14. Nb3 Qc3 15. Be2 Be6 16. f3 exf3 17. Rxf3 Qb4 18. Kh1 Bxd6 19. Nd4 Qa4 20. Nxe6 Bxf4
21. Nxd8 Rxd8 22. Qf1 Bxh2 23. Kxh2 Ng4+ 24. Kg1 Qd4+ 25. Rf2 Nxf2 26. Qxf2 Qd2 27. Qxa7 Qd4+ 28. Qxd4 Rxd4 29. Bd3 g6 30. Kf2 b5
31. Rh1 Rd7 32. Ke3 Ra7 33. Ra1 Re7+ 34. Be4 Kc7 35. c4 bxc4 36. Rc1 Kd6 37. Rxc4 c5 38. a4 Ra7 39. Kf4 Rf7+ 40. Kg5 Ra7
41. g4 Re7 42. a5 Ra7 43. Ra4 Ke5 44. a6
1-0

[Event "Max Euwe Memorial - Open B"]
[Site "SchemingMind.com"]
[Date "2013.03.29"]
[Round "-"]
[White "janable"]
[Black "Phillip Beckett"]
[Result "1-0"]
[WhiteCountry "PHI"]
[BlackCountry "ENG"]
[WhiteElo "1699"]
[WhiteRD "101"]
[BlackElo "1588"]
[BlackRD "47"]
[GameID "329411"]

1. d4 d5 2. c4 e6 3. Nf3 Nf6 4. Nc3 Be7 5. Bf4 c6 6. h3 O-O 7. e3 Nbd7 8. Bd3 dxc4 9. Bxc4 c5 10. O-O cxd4
11. exd4 Nb6 12. Bb3 Nbd5 13. Bh2 Nxc3 14. bxc3 Bd7 15. Qd3 Bc6 16. Rfe1 Bd5 17. Rad1 Bxb3 18. axb3 Bd6 19. Ne5 Bxe5 20. Rxe5 Nd7
21. Rb5 b6 22. d5 Nc5 23. Qf3 exd5 24. Rxd5 Qe7 25. Bd6 Qe1+ 26. Kh2 Rfe8 27. Bxc5 bxc5 28. Rbxc5 Qe4 29. Qxe4 Rxe4 30. Rd7 Kf8
31. Rcc7 Rf4 32. Kg3 Rf6 33. Rxa7 Rxa7 34. Rxa7 Rb6 35. b4 Rc6 36. Ra3 Ke7 37. b5 Rb6 38. c4 Re6 39. c5 Re5 40. Rc3 Kd7
41. f4 Re1 42. Kf2 Re4 43. Kf3 Rb4 44. b6 Kc6 45. Ke3 f5 46. g3 Rb1 47. Kd4 Rb4+ 48. Rc4 Rb3 49. Ke5 g6 50. g4 fxg4
51. hxg4 Rg3 52. f5 gxf5 53. gxf5 Rg5 54. Ke6 h5 55. f6 Rg1 56. f7 Re1+ 57. Kf5
1-0

[Event "Max Euwe Memorial - Open B"]
[Site "SchemingMind.com"]
[Date "2013.03.30"]
[Round "-"]
[White "janable"]
[Black "Scooter"]
[Result "0-1"]
[WhiteCountry "PHI"]
[BlackCountry "USA"]
[WhiteElo "1699"]
[WhiteRD "101"]
[BlackElo "1740"]
[BlackRD "49"]
[GameID "329412"]

1. e4 c6 2. d4 d5 3. Nc3 dxe4 4. Nxe4 Bf5 5. Ng3 Bg6 6. Nf3 Nd7 7. h4 h6 8. Bd3 Bxd3 9. Qxd3 Qc7 10. Bd2 Ngf6
11. O-O-O O-O-O 12. Rhe1 e6 13. Ne2 Ng4 14. Be3 Nde5 15. Nxe5 Nxe5 16. Qc3 Ng4 17. Bf4 Bd6 18. Bxd6 Rxd6 19. Qf3 f5 20. Qg3 g5
21. f3 Ne3 22. Rd3 f4 23. Qf2 gxh4 24. Nxf4 Nd5 25. Nxe6 Qf7 26. Nc5 Qf4+ 27. Qd2 Qxd2+ 28. Rxd2 Rg6 29. Ne6 Re8 30. Rde2 Reg8
31. f4 Rxg2 32. f5 h3 33. Kd2 h2 34. Rh1 Rxe2+ 35. Kxe2 Rg2+ 36. Kd3 Nf6 37. Nf4 Ng4 38. Nxg2 Nf2+ 39. Ke2 Nxh1 40. f6 Ng3+
41. Ke3 Nf5+ 42. Kf2 Kd7 43. Nf4 h1=Q
0-1

[Event "Max Euwe Memorial - Open B"]
[Site "SchemingMind.com"]
[Date "2013.03.30"]
[Round "-"]
[White "emvarela"]
[Black "janable"]
[Result "0-1"]
[WhiteCountry "ARG"]
[BlackCountry "PHI"]
[WhiteElo "1731"]
[WhiteRD "49"]
[BlackElo "1778"]
[BlackRD "91"]
[GameID "329414"]

1. e4 c5 2. Nf3 Nc6 3. d4 cxd4 4. Nxd4 d6 5. Nc3 Nf6 6. Bg5 e6 7. Qd2 Be7 8. O-O-O a6 9. f4 Bd7 10. Nf3 Qc7
11. Be2 b5 12. Bxf6 gxf6 13. Nd4 Rb8 14. Nxc6 Bxc6 15. Bf3 b4 16. Nb1 O-O 17. e5 d5 18. exf6 Bxf6 19. g4 Rfc8 20. g5 Bg7
21. h4 a5 22. h5 a4 23. h6 Bh8 24. a3 bxa3 25. Nxa3 Bxb2+
0-1

[Event "Max Euwe Memorial - Open B"]
[Site "SchemingMind.com"]
[Date "2013.03.29"]
[Round "-"]
[White "Phillip Beckett"]
[Black "janable"]
[Result "0-1"]
[WhiteCountry "ENG"]
[BlackCountry "PHI"]
[WhiteElo "1588"]
[WhiteRD "47"]
[BlackElo "1699"]
[BlackRD "101"]
[GameID "329415"]

1. e4 c5 2. Nf3 Nc6 3. d4 cxd4 4. Nxd4 d6 5. Nc3 Nf6 6. Bg5 e6 7. Qd2 Be7 8. f4 h6 9. Bxf6 Bxf6 10. Nxc6 bxc6
11. O-O-O Be7 12. Bd3 Qa5 13. Kb1 O-O 14. Nd5 Qd8 15. Nxe7+ Qxe7 16. Bc4 d5 17. exd5 cxd5 18. Bb3 a5 19. c3 a4 20. Bc2 Bd7
21. Qd3 g6 22. h4 f5 23. Qg3 Kf7 24. h5 g5 25. fxg5 Qxg5 26. Qc7 Qd8 27. Qf4 Qg5 28. Qxg5 hxg5 29. h6 Rh8 30. h7 Kg7
31. Rd4 Rxh7 32. Rxh7+ Kxh7 33. Kc1 Bc6 34. g3 Kg6 35. Rb4 Ra6 36. Rb8 Kf6 37. Rh8 Kg7 38. Rh5 Kg6 39. Rh8 Kg7 40. Rc8 f4
41. gxf4 gxf4 42. Rc7+ Kf6 43. Rh7 a3 44. b3 Ke5 45. Rh5+ Kd6 46. Bd3 Ra8 47. c4 Kc5 48. cxd5 Bxd5 49. Be4 f3 50. Bxd5 exd5
51. Rf5 Kd4 52. Rxf3 Ke4 53. Rf7 d4 54. Re7+ Kd3 55. Rd7 Rg8
0-1

[Event "Max Euwe Memorial - Open B"]
[Site "SchemingMind.com"]
[Date "2013.03.31"]
[Round "-"]
[White "Scooter"]
[Black "janable"]
[Result "0-1"]
[WhiteCountry "USA"]
[BlackCountry "PHI"]
[WhiteElo "1740"]
[WhiteRD "49"]
[BlackElo "1699"]
[BlackRD "101"]
[GameID "329416"]

1. d4 e6 2. Nf3 c5 3. e3 Nc6 4. c3 b6 5. Be2 d5 6. O-O Bb7 7. Bb5 Bd6 8. Nbd2 cxd4 9. cxd4 Ne7 10. a3 O-O
11. b4 Rc8 12. Bb2 a6 13. Bxc6 Nxc6 14. Rc1 f6 15. Qb3 Qe7 16. b5 Na5 17. Qd3 axb5 18. Qxb5 Bc7 19. Rc2 Qe8 20. Qxe8 Rfxe8
21. Rfc1 Bd6 22. Ne1 Rxc2 23. Rxc2 Rc8 24. Rxc8+ Bxc8 25. Nd3 Kf7 26. Nb4 Nc4 27. Nxc4 dxc4 28. Bc3 e5 29. dxe5 Bxe5 30. Bxe5 fxe5
31. Nd5 Ke6 32. Nxb6 c3 33. Na4 c2 34. Nc5+ Kd5 35. Nd3 Kc4 36. Nc1 Kc3 37. Kf1 Kd2 38. Nb3+ Kd1 39. f3 Be6
0-1

[Event "Max Euwe Memorial - Open B"]
[Site "SchemingMind.com"]
[Date "2013.03.31"]
[Round "-"]
[White "kubinet"]
[Black "janable"]
[Result "0-1"]
[WhiteCountry "GER"]
[BlackCountry "PHI"]
[WhiteElo "1305"]
[WhiteRD "57"]
[BlackElo "1734"]
[BlackRD "91"]
[GameID "329505"]

1. e4 e5 2. Nf3 Nf6 3. d4 exd4 4. e5 Bb4+ 5. c3 dxc3 6. bxc3 Qe7 7. Be2 Ng4 8. cxb4 Qxb4+ 9. Nbd2 Nc6 10. O-O O-O
11. h3 Ngxe5 12. Nxe5 Nxe5 13. Rb1 Qe7 14. Re1 d6
0-1

[Event "Max Euwe Memorial - Open B"]
[Site "SchemingMind.com"]
[Date "2013.03.31"]
[Round "-"]
[White "kubinet"]
[Black "emvarela"]
[Result "0-1"]
[WhiteCountry "GER"]
[BlackCountry "ARG"]
[WhiteElo "1188"]
[WhiteRD "45"]
[BlackElo "1732"]
[BlackRD "45"]
[GameID "329506"]

1. e4 e5 2. Nf3 Nc6 3. Bb5 f5 4. Nc3 fxe4 5. Nxe4 Nf6 6. Nxf6+ Qxf6 7. O-O a6 8. Be2 d6 9. h3 Bf5 10. d3 O-O-O
11. Bg5 Qg6 12. Bxd8 Kxd8 13. Nh4 Qf6 14. Nxf5 Qxf5 15. Bg4 Qg6 16. Bf3 Be7 17. Be4 Qf6 18. c3 Qe6 19. Qd2 d5 20. Bf3 h6
21. Bg4 Qg6 22. Bf3 Bg5 23. Qe2 d4 24. Be4 Qf6 25. Rfe1 Rf8 26. a3 dxc3 27. bxc3 Qd6 28. a4 Qf6 29. Bxc6 bxc6 30. Qxe5 Qxe5
31. Rxe5 Bf6 32. Rc5 Kd7 33. d4 Be7 34. Ra5 Ra8 35. Re5 Bd6 36. Re4 Rb8 37. c4 Rb4 38. c5 Bxc5 39. Rg4 Bxd4 40. Kf1 c5
41. Ra2 Kc6 42. Ke2 Bf6 43. Rg3 c4 44. Rg4 a5 45. Re4 c3 46. f3 Rb2+
0-1

[Event "Max Euwe Memorial - Open B"]
[Site "SchemingMind.com"]
[Date "2013.03.30"]
[Round "-"]
[White "kubinet"]
[Black "Phillip Beckett"]
[Result "0-1"]
[WhiteCountry "GER"]
[BlackCountry "ENG"]
[WhiteElo "1354"]
[WhiteRD "63"]
[BlackElo "1576"]
[BlackRD "55"]
[GameID "329507"]

1. e4 e5 2. Nf3 Nc6 3. Bb5 a6 4. Ba4 Nf6 5. O-O Be7 6. Re1 b5 7. Bb3 O-O 8. c3 d5 9. exd5 Nxd5 10. Nxe5 Nxe5
11. Rxe5 Nf6 12. d4 Bd6 13. Re1 Ng4 14. h3 Qh4 15. Qf3 Nxf2 16. Bd2 Bb7 17. d5 Bc5 18. Be3 Nxh3+ 19. Kf1 Bxe3 20. Rxe3 Ng5
21. Qg3 Qh1+ 22. Kf2 Qc1 23. Qxg5 Qxb2+ 24. Kg1 Qxa1 25. Re1 Rae8 26. Rf1 Qb2 27. Qf5 Re2 28. Qg5 h6 29. Qg3 Kh7 30. Qd3+ Kg8
31. c4 Rxg2+
0-1

[Event "Max Euwe Memorial - Open B"]
[Site "SchemingMind.com"]
[Date "2013.04.02"]
[Round "-"]
[White "kubinet"]
[Black "Scooter"]
[Result "0-1"]
[WhiteCountry "GER"]
[BlackCountry "USA"]
[WhiteElo "1354"]
[WhiteRD "63"]
[BlackElo "1729"]
[BlackRD "51"]
[GameID "329508"]

1. e4 c6 2. d4 d5 3. Nc3 dxe4 4. Nxe4 Bf5 5. Ng3 Bg6 6. h4 h6 7. Nf3 Qc7 8. Bd3 Bxd3 9. Qxd3 Nd7 10. Bd2 O-O-O
11. O-O-O Ngf6 12. Kb1 e6 13. Qb3 Bd6 14. Ne2 Ne4 15. Be3 Ndf6 16. Nd2 Nxd2+ 17. Bxd2 Ne4 18. Be3 Nf6 19. g3 Nd5 20. Bc1 Qb6
21. Qxb6 axb6 22. Rhe1 Nf6 23. Bf4 Bxf4 24. Nxf4 Ng4 25. Re2 g5 26. hxg5 hxg5 27. f3 gxf4 28. fxg4 Rxd4 29. Kc1 Rxd1+ 30. Kxd1 fxg3
31. Rg2 Rh1+ 32. Kd2 Rh2
0-1

[Event "Max Euwe Memorial - Open B"]
[Site "SchemingMind.com"]
[Date "2013.04.01"]
[Round "-"]
[White "janable"]
[Black "kubinet"]
[Result "1-0"]
[WhiteCountry "PHI"]
[BlackCountry "GER"]
[WhiteElo "1734"]
[WhiteRD "91"]
[BlackElo "1305"]
[BlackRD "57"]
[GameID "329510"]

1. d4 Nf6 2. Nf3 d5 3. Bf4 e6 4. c4 c6 5. Nc3 Bd6 6. Bxd6 Qxd6 7. e3 O-O 8. Bd3 dxc4 9. Bxc4 Nbd7 10. O-O Nb6
11. Bb3 Bd7 12. Ne5 Rfd8 13. Bc2 Be8 14. f4 Nfd7 15. Rf3 f6 16. Ng4
1-0

[Event "Max Euwe Memorial - Open B"]
[Site "SchemingMind.com"]
[Date "2013.04.01"]
[Round "-"]
[White "emvarela"]
[Black "kubinet"]
[Result "1-0"]
[WhiteCountry "ARG"]
[BlackCountry "GER"]
[WhiteElo "1741"]
[WhiteRD "47"]
[BlackElo "1374"]
[BlackRD "69"]
[GameID "329511"]

1. e4 c5 2. Nf3 d6 3. d4 cxd4 4. Nxd4 Nf6 5. Nc3 a6 6. Be3 e5 7. Nb3 Be7 8. f3 O-O 9. Qd2 Nc6 10. O-O-O b5
11. g4 Bb7 12. g5 Nd7 13. Nd5 Rc8 14. Nxe7+ Qxe7 15. Qxd6 Rfd8 16. Qxe7
1-0

[Event "Max Euwe Memorial - Open B"]
[Site "SchemingMind.com"]
[Date "2013.03.30"]
[Round "-"]
[White "Phillip Beckett"]
[Black "kubinet"]
[Result "0-1"]
[WhiteCountry "ENG"]
[BlackCountry "GER"]
[WhiteElo "1553"]
[WhiteRD "51"]
[BlackElo "1374"]
[BlackRD "69"]
[GameID "329512"]

1. e4 c5 2. Nf3 Nc6 3. d4 cxd4 4. Nxd4 Nf6 5. Nc3 e6 6. Nxc6 bxc6 7. Bd3 Bb4 8. Bd2 O-O 9. a3 Bc5 10. O-O d5
11. exd5 exd5 12. Qf3 Bd6 13. Bg5 Be7 14. Rae1 h6 15. Bh4 Be6 16. Bf5 Bxf5 17. Qxf5 Qc7 18. Qe5 Bd6 19. Qe2 Rfe8 20. Qf3 Bxh2+
21. Kh1 Be5 22. Bxf6 Bxf6 23. Nd1 Qb6 24. b3 Qd4 25. Rxe8+ Rxe8 26. c3 Qh4+ 27. Kg1 Re5 28. Qh3 Qxh3 29. gxh3 Rf5 30. Ne3 Rg5+
31. Kh1 Bxc3 32. Rc1 d4 33. Nd1 Rc5 34. Kg1 Rg5+ 35. Kh2 c5 36. Nxc3 dxc3 37. Rxc3 Kf8 38. h4 Rf5 39. Kg3 Ke7 40. f4 Kd6
41. Kg4 Rd5 42. Rf3 f6 43. Rc3 a5 44. Re3 Rd4 45. Re8 Kc6 46. Rg8 g5 47. hxg5 hxg5
0-1

[Event "Max Euwe Memorial - Open B"]
[Site "SchemingMind.com"]
[Date "2013.04.12"]
[Round "-"]
[White "cnile"]
[Black "janable"]
[Result "0-1"]
[WhiteCountry "SCO"]
[BlackCountry "PHI"]
[WhiteElo "1507"]
[WhiteRD "63"]
[BlackElo "1734"]
[BlackRD "91"]
[GameID "330007"]

1. e4 c5 2. Nf3 e6 3. d4 cxd4 4. Nxd4 Nf6 5. Bd3 a6 6. Bg5 Be7 7. Nc3 Nc6 8. f4 d6 9. Qf3 Bd7 10. Nxc6 Bxc6
11. O-O-O O-O 12. g4 Re8 13. Kb1 b5 14. h4 b4 15. Ne2 a5 16. b3 a4 17. h5 axb3 18. cxb3 Qa5 19. Nc1 e5 20. f5 Rec8
21. h6 d5 22. hxg7 dxe4 23. Bxe4 Bxe4+ 24. Qxe4 Nxe4 25. f6 Rxc1+ 26. Kxc1 Rc8+ 27. Kb2 Qa3+ 28. Ka1 Rc2 29. Rd8+ Bxd8 30. Rb1 Rxa2#
0-1

[Event "Max Euwe Memorial - Open B"]
[Site "SchemingMind.com"]
[Date "2013.04.11"]
[Round "-"]
[White "cnile"]
[Black "emvarela"]
[Result "0-1"]
[WhiteCountry "SCO"]
[BlackCountry "ARG"]
[WhiteElo "1507"]
[WhiteRD "63"]
[BlackElo "1761"]
[BlackRD "48"]
[GameID "330008"]

1. e4 e5 2. Nf3 Nc6 3. Bb5 f5 4. d3 fxe4 5. dxe4 Nf6 6. Bxc6 bxc6 7. Nxe5 Qe7 8. Nc4 Qxe4+ 9. Qe2 Qxe2+ 10. Kxe2 Ba6
11. Na3 Bxa3 12. b3 Bxc1 13. Raxc1 d5 14. Rhe1 dxc4 15. Kf3+ Kf7 16. Rcd1 cxb3
0-1

[Event "Max Euwe Memorial - Open B"]
[Site "SchemingMind.com"]
[Date "2013.04.10"]
[Round "-"]
[White "cnile"]
[Black "Phillip Beckett"]
[Result "0-1"]
[WhiteCountry "SCO"]
[BlackCountry "ENG"]
[WhiteElo "1533"]
[WhiteRD "59"]
[BlackElo "1562"]
[BlackRD "48"]
[GameID "330009"]

1. d4 d5 2. Nf3 Nf6 3. c4 e6 4. Bg5 Be7 5. Nc3 h6 6. Bh4 O-O 7. Bxf6 Bxf6 8. cxd5 exd5 9. e3 c6 10. Rc1 Nd7
11. Bd3 Be7 12. a3 a6 13. O-O Nf6 14. Na4 Bg4 15. b4 Bd6 16. Nc5 Bxc5 17. bxc5 Ne4 18. h3 Bxf3 19. Qxf3 Ng5 20. Qh5 Nh7
21. Qf5 Nf6 22. h4 Qc8 23. Qxc8 Raxc8 24. Rb1 Rc7 25. f3 Re8 26. Kf2 Rce7 27. Rfe1 Nh5 28. g4 Nf6 29. g5 hxg5 30. hxg5 Nh5
31. Bf5 g6 32. Bg4 Ng7 33. Rb2 Ne6 34. Reb1 Nd8 35. Re2 Ne6 36. Rb4 Nf4 37. e4 Nxe2 38. Kxe2 dxe4 39. fxe4 Rxe4+ 40. Kf3 Re3+
41. Kg2 Rxa3 42. Rxb7 Re4 43. Bf3 Rxd4 44. Rb6 Rd2+ 45. Kg3 Rdd3 46. Rxc6 Rxf3+ 47. Kg4 Rfb3
0-1

[Event "Max Euwe Memorial - Open B"]
[Site "SchemingMind.com"]
[Date "2013.04.11"]
[Round "-"]
[White "cnile"]
[Black "Scooter"]
[Result "0-1"]
[WhiteCountry "SCO"]
[BlackCountry "USA"]
[WhiteElo "1488"]
[WhiteRD "61"]
[BlackElo "1732"]
[BlackRD "48"]
[GameID "330010"]

1. e4 c6 2. c4 d5 3. cxd5 cxd5 4. exd5 Qxd5 5. Nc3 Qa5 6. Be2 Nf6 7. Nf3 e6 8. O-O a6 9. d4 Bb4 10. Bd2 O-O
11. Bd3 Nc6 12. a3 Bxc3 13. Bxc3 Qd8 14. Rc1 b5 15. Re1 Nd5 16. Ne5 Nxe5 17. Rxe5 Bb7 18. Qh5 g6 19. Rg5 Nf4 20. Qd1 Qxg5
21. Bf1 Bxg2 22. Bxg2 Qxg2#
0-1

[Event "Max Euwe Memorial - Open B"]
[Site "SchemingMind.com"]
[Date "2013.04.10"]
[Round "-"]
[White "cnile"]
[Black "kubinet"]
[Result "1-0"]
[WhiteCountry "SCO"]
[BlackCountry "GER"]
[WhiteElo "1507"]
[WhiteRD "63"]
[BlackElo "1305"]
[BlackRD "57"]
[GameID "330011"]

1. e4 c5 2. Nf3 Nc6 3. d4 cxd4 4. Nxd4 Nf6 5. Nxc6 bxc6 6. Nc3 d6 7. Bg5 e6 8. Be2 Be7 9. O-O Qc7 10. Qd2 O-O
11. a3 Bb7 12. Rfe1 d5 13. exd5 cxd5 14. Nb5 Qb6 15. a4 a6 16. Be3
1-0

[Event "Max Euwe Memorial - Open B"]
[Site "SchemingMind.com"]
[Date "2013.04.12"]
[Round "-"]
[White "janable"]
[Black "cnile"]
[Result "1-0"]
[WhiteCountry "PHI"]
[BlackCountry "SCO"]
[WhiteElo "1734"]
[WhiteRD "91"]
[BlackElo "1507"]
[BlackRD "63"]
[GameID "330013"]

1. e4 e6 2. d4 d5 3. e5 c5 4. c3 Nc6 5. Nf3 Nge7 6. Bd3 Qb6 7. dxc5 Qxc5 8. Be3 Qa5 9. Nbd2 Ng6 10. Bd4 Be7
11. O-O O-O 12. Re1 Bd7 13. Bc2 Qc7 14. Qe2 Rfd8 15. g3 f5 16. exf6 Nxd4 17. f7+ Kxf7 18. Nxd4 e5 19. Nf5 Bxf5 20. Bxf5 Bd6
21. Rad1 Kg8 22. Bxg6 hxg6 23. Qg4 Qf7 24. Re2 Rf8 25. Kg2 Rae8 26. Nf3 e4 27. Ng5 Qf6 28. Qh4 Rf7 29. Qh7+ Kf8 30. Nxf7 Kxf7
31. Re3 Qf5 32. Qh4 Be7 33. Qh3 Qe5 34. Qd7 b5 35. Qxd5+ Qxd5 36. Rxd5 a6 37. Rxe4 Kg8 38. Re6 Kh7 39. Rde5 Kg8 40. Rxe7
1-0

[Event "Max Euwe Memorial - Open B"]
[Site "SchemingMind.com"]
[Date "2013.04.11"]
[Round "-"]
[White "emvarela"]
[Black "cnile"]
[Result "1-0"]
[WhiteCountry "ARG"]
[BlackCountry "SCO"]
[WhiteElo "1731"]
[WhiteRD "49"]
[BlackElo "1443"]
[BlackRD "64"]
[GameID "330014"]

1. e4 e5 2. Nf3 Nc6 3. d4 exd4 4. c3 d3 5. Bxd3 d5 6. O-O dxe4 7. Bxe4 Bd7 8. Bxc6 Bxc6 9. Re1+ Be7 10. Qxd8+ Rxd8
11. Bf4 Nf6 12. Nd4 Nd5 13. Nxc6 bxc6 14. Bg3 Rd7 15. Nd2 O-O 16. Nc4 Bf6 17. Ne5 Bxe5 18. Bxe5 f6 19. Bd4 a6 20. Bc5 Rb8
21. Re2 Rb5 22. Ba3 Nf4 23. Re8+ Kf7 24. Rae1 Rbd5 25. g3 Rd1 26. gxf4 Kg6 27. Rxd1 Rxd1+ 28. Kg2 Kf7 29. Re7+ Kg6 30. Rxc7 Ra1
31. Rxc6
1-0